Ralf Schumacher - Statistiken

Allgemein
  • Dieses Quiz wurde 700 mal gespielt
  • Das Durchschnittsergebnis liegt bei 12 aus 40
Antwortstatistiken
Typ der redet Antwort % Korrekt
Alter Mann Ralf
90%
Alter Mann Schumacher!
90%
Ralf Schumacher Auto
79%
Ralf schumacher Willst
79%
Ralf schumacher Du
76%
Ralf Schumacher Ist?
76%
Ralf Schumacher Wert
76%
Alter Mann Ja?
75%
Ralf Schumacher Wissen
75%
Ralf Schumacher Viel
71%
Ralf Schumacher Wie
71%
Ralf schumacher Ihr
65%
Ralf Schumacher Hey!
62%
Ralf schuhmacher Auf
38%
Ralf Schumacher WirKaufenDeinAuto.De
33%
Ralf schumacher Du
14%
Alter Mann Wow
11%
Ralf Schumacher Besten
8%
Ralf Schumacher Den
8%
Ralf Schumacher Verkaufspreis
8%
Ralf Schumacher Erhältst
6%
Ralf Schumacher Auf
5%
Ralf Schumacher Auto
5%
Ralf Schumacher Dein
5%
Ralf Schumacher Dein
5%
Ralf Schumacher Dir
5%
Ralf schumacher Einfach,
5%
Ralf Schumacher Empfehlung:
5%
Ralf Schumacher Geworden
5%
Ralf Schumacher Hol
5%
Ralf Schumacher Ist?
5%
Ralf Schumacher Jetzt
5%
Ralf Schumacher Meine
5%
Ralf Schumacher Neugierig
5%
Ralf Schumacher Online.
5%
Ralf Schumacher Preis
5%
Ralf Schumacher Schnell,
5%
Ralf Schumacher Was
5%
Ralf Schumacher Wert
5%
Ralf Schumacher www.wirkaufendeinauto.de
5%
Keine übereinstimmenden Quizze gefunden
Verteilung der Resultate
Anzahl Personen mit jedem Resultat
Perzentil nach korrekt beantworteten Fragen
Ihre Resultats-Entwicklung
Sie haben dieses Quiz noch nicht gespielt